<?xml version="1.0" encoding="UTF-8"?>
<collection xmlns="http://www.loc.gov/MARC21/slim">
 <record>
  <leader>00567cam a2200169 7i4500</leader>
  <controlfield tag="001">0000029060</controlfield>
  <controlfield tag="005">20230926090000.0</controlfield>
  <datafield tag="020" ind1="0" ind2="0">
   <subfield code="a">0471109975 </subfield>
  </datafield>
  <datafield tag="082" ind1=" " ind2=" ">
   <subfield code="a">468.421 LAB</subfield>
  </datafield>
  <datafield tag="090" ind1="0" ind2="0">
   <subfield code="a">PC4129.E5 </subfield>
   <subfield code="b">LAB 1998</subfield>
  </datafield>
  <datafield tag="100" ind1="1" ind2="0">
   <subfield code="a">LABARCA </subfield>
  </datafield>
  <datafield tag="245" ind1="1" ind2="0">
   <subfield code="a">De Perlas : </subfield>
   <subfield code="b">intermediate Spanish  </subfield>
   <subfield code="c">Angela Labarca, Olgalucia G. Gonzalez and Elmer Rodriguez.</subfield>
  </datafield>
  <datafield tag="260" ind1="0" ind2="0">
   <subfield code="a">New York: </subfield>
   <subfield code="b">John Wiley &amp; Sons, Inc., </subfield>
   <subfield code="c">1998.</subfield>
  </datafield>
  <datafield tag="300" ind1=" " ind2=" ">
   <subfield code="a">xii, 293p.; </subfield>
   <subfield code="c">24cm.</subfield>
  </datafield>
  <datafield tag="650" ind1="0" ind2="0">
   <subfield code="a">Spanish language -- </subfield>
   <subfield code="x">Textbooks for foreign speakers -- </subfield>
   <subfield code="x">English </subfield>
  </datafield>
  <datafield tag="700" ind1="1" ind2="1">
   <subfield code="a">Gonzalez, </subfield>
   <subfield code="h">Olgalucia G. </subfield>
  </datafield>
  <datafield tag="700" ind1="1" ind2="1">
   <subfield code="a">Rodriguez, </subfield>
   <subfield code="h">Elmer </subfield>
  </datafield>
 </record>
</collection>
